[Event "BL 0910 H.-Handschuhsheim - Solinger SG"]
[Site "?"]
[Date "2009.10.18"]
[Round "2.5"]
[White "L'Ami, Erwin"]
[Black "Gerigk, Erasmus"]
[Result "1-0"]
[WhiteElo "2606"]
[BlackElo "2335"]
[PlyCount "105"]
[EventDate "2009.??.??"]

1. d4 Nf6 2. c4 e6 3. Nf3 Bb4+ 4. Nbd2 b6 5. g3 Bb7 6. Bg2 O-O 7. O-O d5 8.
cxd5 exd5 9. Ne5 Re8 10. Ndf3 Bd6 11. Bf4 Na6 12. Nd3 Bf8 13. Bg5 h6 14. Bxf6
Qxf6 15. e3 c5 16. Nfe5 Bd6 17. Qa4 Nc7 18. Nf3 a5 19. Rfd1 b5 20. Qc2 c4 21.
Nf4 Bxf4 22. gxf4 Bc8 23. Kh1 Bf5 24. Qe2 Bg4 25. Qd2 Qe6 26. Rg1 b4 27. Rae1
Rad8 28. Ne5 Bf5 29. Bf3 Nb5 30. Rg3 Kh8 31. Reg1 Rg8 32. Qd1 Nd6 33. Bg4 Be4+
34. f3 Bf5 35. Qd2 Rc8 36. Qg2 c3 37. b3 c2 38. Qd2 Rc3 39. Qc1 Ra8 40. R3g2
Rac8 41. Bxf5 Nxf5 42. e4 Ne3 43. Rxg7 Rf8 44. R7g3 Rfc8 45. f5 Qf6 46. Ng4
Nxg4 47. Rxg4 dxe4 48. fxe4 Rh3 49. Qd2 Kh7 50. R4g2 Qh4 51. Qxc2 Rhc3 52. Rg7+
Kh8 53. Qg2 1-0

[Event "BL 0910 H.-Handschuhsheim - Solinger SG"]
[Site "?"]
[Date "2009.10.18"]
[Round "2.6"]
[White "Schwalfenberg, Joerg"]
[Black "Ragger, Markus"]
[Result "1/2-1/2"]
[WhiteElo "2317"]
[BlackElo "2561"]
[PlyCount "118"]
[EventDate "2009.??.??"]

1. c4 e6 2. Nf3 d5 3. e3 Nf6 4. b3 c5 5. Bb2 Nc6 6. d3 Be7 7. Be2 O-O 8. a3 b6
9. O-O Bb7 10. Nbd2 Qc7 11. cxd5 exd5 12. Rc1 Rad8 13. Rc2 Qd7 14. d4 Rfe8 15.
Ne5 Qc7 16. Bb5 Nxe5 17. dxe5 Nd7 18. Qg4 Bf8 19. f4 Qc8 20. Qe2 Re7 21. Nf3
Nb8 22. Nd4 Rc7 23. Rfc1 Ba6 24. Qf3 Bxb5 25. Nxb5 Rb7 26. Rd2 Rbd7 27. f5 Nc6
28. Qg3 a6 29. Nd6 Rxd6 30. exd6 Qxf5 31. Rf1 Qe4 32. Rdf2 Rd7 33. Qh3 Qe8 34.
Qg3 d4 35. exd4 Nxd4 36. Bxd4 cxd4 37. Qd3 Bxd6 38. Re2 Qb8 39. g3 Bxa3 40.
Qxa6 d3 41. Rd2 Bc5+ 42. Kg2 Qe8 43. Rf3 g5 44. Qa4 Qe6 45. Qc4 Qxc4 46. bxc4
Rd4 47. Rfxd3 Rxc4 48. h3 Kg7 49. Rd7 h5 50. Rc7 Kg6 51. Rf2 f6 52. Rc6 Bxf2
53. Rxc4 Bc5 54. Re4 f5 55. Re6+ Kg7 56. Kf3 Bd4 57. Rd6 Bc5 58. Re6 Bd4 59.
Rd6 Bc5 1/2-1/2

[Event "BL 0910 H.-Handschuhsheim - Solinger SG"]
[Site "?"]
[Date "2009.10.18"]
[Round "2.7"]
[White "Naumann, Alexander"]
[Black "Vatter, Hans-Joachim"]
[Result "1-0"]
[WhiteElo "2522"]
[BlackElo "2321"]
[PlyCount "105"]
[EventDate "2009.??.??"]

1. c4 e5 2. g3 Nf6 3. Bg2 d5 4. cxd5 Nxd5 5. Nc3 Nb6 6. Nf3 Nc6 7. O-O Be7 8.
a3 a5 9. d3 Be6 10. Be3 O-O 11. Na4 Nd5 12. Bc5 Bd6 13. Rc1 h6 14. e4 Nde7 15.
Be3 Qd7 16. d4 exd4 17. Nxd4 Bh3 18. Nxc6 Nxc6 19. Nc5 Bxc5 20. Qxd7 Bxd7 21.
Rxc5 a4 22. Rfc1 Rfc8 23. f4 Be6 24. Kf2 f6 25. h3 Ra5 26. Bf1 Rxc5 27. Rxc5
Kf8 28. g4 Ke7 29. Bb5 Ra8 30. Kg3 Kd8 31. Rc1 Bb3 32. Rc3 Ra5 33. Bxc6 bxc6
34. Rxc6 Kd7 35. Rc3 Ra6 36. Bc5 Ra8 37. Rd3+ Ke8 38. f5 Bc2 39. Rd2 Bb1 40.
Kf4 Rb8 41. Bb4 Rb6 42. Rd5 Rc6 43. e5 Rc4+ 44. Kg3 Be4 45. Rb5 c5 46. Rb8+ Kf7
47. e6+ Ke7 48. Rc8 Kd6 49. Rd8+ Ke7 50. Rd7+ Ke8 51. Rc7 Kd8 52. Ba5 Rc2 53.
Rxg7+ 1-0

[Event "BL 0910 H.-Handschuhsheim - Solinger SG"]
[Site "?"]
[Date "2009.10.18"]
[Round "2.8"]
[White "Syska, Albert"]
[Black "Hoffmann, Michael"]
[Result "0-1"]
[WhiteElo "2255"]
[BlackElo "2513"]
[PlyCount "62"]
[EventDate "2009.??.??"]

1. e4 c5 2. Nf3 d6 3. d4 cxd4 4. Nxd4 Nf6 5. Nc3 a6 6. a4 Nc6 7. Nb3 e6 8. Be2
Be7 9. O-O O-O 10. a5 b5 11. axb6 Qxb6 12. Be3 Qc7 13. f4 Bb7 14. Bf3 Rab8 15.
Qe2 Nd7 16. Qf2 Rfe8 17. Rfd1 Bf8 18. Na4 Ba8 19. Nd4 Nxd4 20. Bxd4 e5 21. fxe5
dxe5 22. Ba7 Rb4 23. Kh1 Nf6 24. c3 Nxe4 25. Qe3 Rb3 26. Bb6 Qc4 27. Re1 f5 28.
Bd1 Rb5 29. Be2 Qc6 30. c4 Rxb6 31. Nxb6 Bc5 0-1

[Event "BL 0910 OSC Baden Baden - Bayern Münche"]
[Site "?"]
[Date "2009.11.14"]
[Round "3.1"]
[White "Bezold, Michael"]
[Black "Shirov, Alexei"]
[Result "1-0"]
[WhiteElo "2517"]
[BlackElo "2730"]
[PlyCount "31"]
[EventDate "2009.??.??"]

1. c4 e6 2. Nf3 d5 3. g3 Nf6 4. Bg2 Be7 5. O-O O-O 6. d4 dxc4 7. Qc2 a6 8. a4
Bd7 9. Qxc4 Bc6 10. Bg5 Bd5 11. Qc2 a5 12. Nc3 Na6 13. e4 Nb4 14. Qe2 Bc6 15.
Rfd1 Nd7 16. d5 1-0

[Event "BL 0910 OSC Baden Baden - Bayern Münche"]
[Site "?"]
[Date "2009.11.14"]
[Round "3.2"]
[White "Bacrot, Etienne"]
[Black "Bromberger, Stefan"]
[Result "1-0"]
[WhiteElo "2709"]
[BlackElo "2518"]
[PlyCount "87"]
[EventDate "2009.??.??"]

1. d4 Nf6 2. Nf3 g6 3. c4 Bg7 4. Nc3 O-O 5. e4 d6 6. Be2 e5 7. Be3 Ng4 8. Bg5
f6 9. Bh4 g5 10. Bg3 Nh6 11. c5 Nc6 12. cxd6 cxd6 13. d5 Ne7 14. O-O Ng6 15.
Rc1 f5 16. exf5 Nxf5 17. Nd2 Nf4 18. Re1 Nd4 19. Bf1 g4 20. Nb3 Nf5 21. Bxf4
exf4 22. Qxg4 Ne3 23. Qe2 Nxf1 24. Qxf1 f3 25. g3 Bf5 26. Rcd1 Qb6 27. Qb5 Qxb5
28. Nxb5 Bxb2 29. Nxd6 Bc2 30. Nxb7 Bxd1 31. Rxd1 Rab8 32. N3c5 Ba3 33. d6 Bxc5
34. Nxc5 Rfd8 35. d7 Rb5 36. Rc1 Rb6 37. h4 Rc6 38. Re1 Kf7 39. Re5 Rb8 40. Nb7
Rc1+ 41. Kh2 Rd1 42. d8=Q Rbxd8 43. Nxd8+ Rxd8 44. Re3 1-0

[Event "BL 0910 OSC Baden Baden - Bayern Münche"]
[Site "?"]
[Date "2009.11.14"]
[Round "3.3"]
[White "Schenk, Andreas"]
[Black "Adams, Michael"]
[Result "1/2-1/2"]
[WhiteElo "2509"]
[BlackElo "2682"]
[PlyCount "55"]
[EventDate "2009.??.??"]

1. d4 Nf6 2. c4 e6 3. Nf3 b6 4. g3 Ba6 5. Nbd2 Bb4 6. Qc2 O-O 7. Bg2 d5 8. O-O
c5 9. dxc5 Bxc5 10. a3 Nbd7 11. Qa4 Bb7 12. b4 Be7 13. Bb2 a6 14. cxd5 b5 15.
Qc2 Rc8 16. Qd3 Bxd5 17. Rfc1 Nb6 18. Rxc8 Qxc8 19. Rc1 Nc4 20. Bxf6 Bxf6 21.
e4 Bb7 22. Nxc4 Rd8 23. Qe2 bxc4 24. e5 Be7 25. Rxc4 Qa8 26. Rc7 Bf8 27. Ne1
Bxg2 28. Nxg2 1/2-1/2

[Event "BL 0910 OSC Baden Baden - Bayern Münche"]
[Site "?"]
[Date "2009.11.14"]
[Round "3.4"]
[White "Vallejo Pons, Francisco"]
[Black "Reiss, Tibor"]
[Result "1-0"]
[WhiteElo "2696"]
[BlackElo "2414"]
[PlyCount "77"]
[EventDate "2009.??.??"]

1. c4 c5 2. g3 g6 3. Bg2 Bg7 4. Nc3 Nc6 5. a3 d6 6. Rb1 a5 7. d3 Bd7 8. e3 Nh6
9. Nge2 Nf5 10. b3 Rb8 11. O-O O-O 12. Nb5 Ne5 13. a4 Bc6 14. e4 Bxb5 15. axb5
Nd4 16. Nxd4 cxd4 17. Bh3 e6 18. Ba3 Qe7 19. Ra1 Ra8 20. Bg2 Rfb8 21. f4 Nd7
22. e5 Nc5 23. exd6 Qxd6 24. Qe1 Bf8 25. Bxc5 Qxc5 26. Rxa5 Rxa5 27. Qxa5 Bd6
28. Ra1 b6 29. Qd2 Qc7 30. Bf3 Qe7 31. Kg2 h5 32. Qf2 Bc5 33. Qe1 Rd8 34. Ra6
Kh7 35. Qe4 Qc7 36. Qc6 Qxc6 37. bxc6 Kg7 38. Ra7 Kf8 39. c7 1-0

[Event "BL 0910 OSC Baden Baden - Bayern Münche"]
[Site "?"]
[Date "2009.11.14"]
[Round "3.5"]
[White "Renner, Christoph"]
[Black "Nisipeanu, Liviu-Dieter"]
[Result "0-1"]
[WhiteElo "2440"]
[BlackElo "2664"]
[PlyCount "32"]
[EventDate "2009.??.??"]

1. e4 c5 2. d3 Nc6 3. g3 g6 4. Bg2 Bg7 5. Nc3 d6 6. Be3 Nf6 7. Qc1 Nd4 8. Nce2
Ng4 9. Bd2 Qb6 10. Nf4 c4 11. c3 e5 12. Nfh3 Ne6 13. dxc4 Nc5 14. Qc2 Qxb2 15.
Rc1 Qxc2 16. Rxc2 Bd7 0-1

[Event "BL 0910 OSC Baden Baden - Bayern Münche"]
[Site "?"]
[Date "2009.11.14"]
[Round "3.7"]
[White "Meissner, Bernd"]
[Black "Dautov, Rustem"]
[Result "1/2-1/2"]
[WhiteElo "2410"]
[BlackElo "2596"]
[PlyCount "56"]
[EventDate "2009.??.??"]

1. d4 Nf6 2. Nf3 d5 3. c4 c6 4. cxd5 cxd5 5. Nc3 Nc6 6. Bf4 Nh5 7. Bd2 e6 8. e3
Nf6 9. Bd3 Be7 10. O-O O-O 11. Rc1 b6 12. a3 Bb7 13. Na2 Ne4 14. Bb4 Nxb4 15.
Nxb4 Bd6 16. Qa4 a6 17. Qb3 b5 18. Be2 Qb6 19. Nd3 Rfc8 20. g3 Rc4 21. Rc2 Rac8
22. Rfc1 Qc6 23. Nde1 f6 24. Qd3 Qb6 25. Nd2 R4c7 26. Nb3 Rc4 27. Nd2 R4c7 28.
Nb3 Rc4 1/2-1/2

[Event "BL 0910 OSC Baden Baden - Bayern Münche"]
[Site "?"]
[Date "2009.11.14"]
[Round "3.8"]
[White "Schlosser, Philipp"]
[Black "Meister, Peter"]
[Result "1/2-1/2"]
[WhiteElo "2555"]
[BlackElo "2396"]
[PlyCount "41"]
[EventDate "2009.??.??"]

1. Nf3 d5 2. d4 Nf6 3. c4 dxc4 4. e3 Bg4 5. Bxc4 e6 6. h3 Bh5 7. Nc3 a6 8. g4
Bg6 9. Ne5 Nbd7 10. Nxg6 hxg6 11. Bf1 c6 12. Bg2 Qc7 13. Bd2 Be7 14. Qc2 Nb6
15. Ne2 a5 16. Nf4 Nfd5 17. Nd3 Nb4 18. Bxb4 axb4 19. O-O Nd5 20. Qd2 g5 21. f4
1/2-1/2

[Event "BL 0910 H.Handschuhsheim - Erfurter SK"]
[Site "?"]
[Date "2009.11.14"]
[Round "3.1"]
[White "Romanov, Evgeny"]
[Black "Ikonnikov, Viacheslav"]
[Result "1-0"]
[WhiteElo "2588"]
[BlackElo "2558"]
[PlyCount "121"]
[EventDate "2009.??.??"]

1. Nf3 Nf6 2. c4 e6 3. Nc3 Bb4 4. g3 O-O 5. Bg2 d6 6. O-O Bxc3 7. bxc3 Nc6 8.
d3 e5 9. Ne1 Bd7 10. Nc2 Qc8 11. Bg5 Ng4 12. f3 h6 13. Bh4 g5 14. fxg4 Bxg4 15.
Bxg5 hxg5 16. Qd2 f6 17. Rf2 Kg7 18. Raf1 Bh3 19. e4 Bxg2 20. Kxg2 Qe6 21. Ne3
Ne7 22. Qe2 Rf7 23. Nd5 Nxd5 24. cxd5 Qd7 25. Rf5 Rh8 26. Qg4 Kg8 27. h4 Rh6
28. hxg5 Rg7 29. Qf3 fxg5 30. g4 c6 31. Rf8+ Kh7 32. Rf7 Rxf7 33. Qxf7+ Qxf7
34. Rxf7+ Kg8 35. Rxb7 cxd5 36. exd5 Rh4 37. Kf3 Rh3+ 38. Ke4 Rg3 39. Kf5 Rxd3
40. Rb8+ Kg7 41. Rb7+ Kf8 42. Ke6 Rxc3 43. Rb8+ Kg7 44. Kxd6 e4 45. Re8 e3 46.
Kd7 Ra3 47. d6 Kf7 48. Re7+ Kf8 49. Re4 Kf7 50. Kc7 Rxa2 51. Rxe3 Rc2+ 52. Kd8
Rc4 53. Rg3 a5 54. d7 Rf4 55. Rd3 Rc4 56. Rf3+ Kg7 57. Ke7 Re4+ 58. Kd6 Rd4+
59. Ke6 a4 60. Rf7+ Kg8 61. Re7 1-0

[Event "BL 0910 H.Handschuhsheim - Erfurter SK"]
[Site "?"]
[Date "2009.11.14"]
[Round "3.2"]
[White "Svetushkin, Dmitry"]
[Black "Haba, Petr"]
[Result "1/2-1/2"]
[WhiteElo "2570"]
[BlackElo "2541"]
[PlyCount "97"]
[EventDate "2009.??.??"]

1. e4 e5 2. Nf3 Nf6 3. Nxe5 d6 4. Nf3 Nxe4 5. d4 d5 6. Bd3 Nc6 7. O-O Be7 8.
Nc3 Nxc3 9. bxc3 Bg4 10. Bf4 O-O 11. Re1 Bd6 12. Bxd6 Bxf3 13. Qxf3 Qxd6 14.
Rab1 b6 15. Re3 Rae8 16. Rbe1 Rxe3 17. Rxe3 Nb8 18. h4 Nd7 19. h5 h6 20. g4 Nf6
21. Qf5 Re8 22. Rxe8+ Nxe8 23. c4 c6 24. cxd5 Qxd5 25. Qe5 Kf8 26. c4 Qxe5 27.
dxe5 f6 28. exf6 Nxf6 29. f3 Ke7 30. Kf2 Nd7 31. Ke3 Nc5 32. Be2 a6 33. f4 b5
34. g5 b4 35. Bf3 a5 36. Bxc6 b3 37. axb3 Nxb3 38. Ba4 Nc5 39. Bc2 a4 40. Kd4
Ne6+ 41. Kc3 Nxf4 42. gxh6 gxh6 43. Bg6 Kd6 44. Kb4 Ne6 45. Kxa4 Kc5 46. Kb3
Nd4+ 47. Kc3 Ne2+ 48. Kd2 Nf4 49. Kc3 1/2-1/2

[Event "BL 0910 H.Handschuhsheim - Erfurter SK"]
[Site "?"]
[Date "2009.11.14"]
[Round "3.3"]
[White "Michiels, Bart"]
[Black "Ginsburg, Gennadi"]
[Result "0-1"]
[WhiteElo "2462"]
[BlackElo "2537"]
[PlyCount "98"]
[EventDate "2009.??.??"]

1. e4 c5 2. Nf3 d6 3. d4 cxd4 4. Nxd4 Nf6 5. Nc3 a6 6. Bc4 e6 7. O-O Be7 8. a4
Nc6 9. Be3 O-O 10. Qe2 Qc7 11. Rad1 Bd7 12. f4 Rac8 13. Ba2 Nxd4 14. Rxd4 e5
15. Rd2 exf4 16. Rxf4 Be6 17. Nd5 Bxd5 18. exd5 Nd7 19. Rc4 Qd8 20. Rxc8 Qxc8
21. Qc4 Qd8 22. Re2 Bg5 23. Bf2 Ne5 24. Qb4 Qd7 25. Bb1 f5 26. c4 f4 27. Bxh7+
Kxh7 28. Rxe5 dxe5 29. Qxf8 Bf6 30. Qa3 e4 31. Bb6 e3 32. Qd3+ g6 33. b3 Qg4
34. h3 Qg3 35. Qf1 Be5 36. Ba5 Bd4 37. Qe2 f3 38. Be1 f2+ 39. Kf1 Qf4 40. Bb4
Qe4 41. Qd1 e2+ 42. Qxe2 Qb1+ 43. Be1 Bc5 44. g3 fxe1=Q+ 45. Qxe1 Qxb3 46. Kg2
Qxc4 47. Qe6 Qc2+ 48. Kf3 Qf2+ 49. Kg4 Bd6 0-1

[Event "BL 0910 H.Handschuhsheim - Erfurter SK"]
[Site "?"]
[Date "2009.11.14"]
[Round "3.4"]
[White "Gurevic, Vladimir"]
[Black "Casper, Thomas"]
[Result "1/2-1/2"]
[WhiteElo "2470"]
[BlackElo "2395"]
[PlyCount "51"]
[EventDate "2009.??.??"]

1. e4 e6 2. d4 d5 3. Nc3 Bb4 4. e5 Ne7 5. Bd2 Nf5 6. Nf3 b6 7. Bd3 Ba6 8. Bxf5
exf5 9. Ne2 Be7 10. h4 Qd7 11. Bg5 Nc6 12. Bxe7 Qxe7 13. c3 Bxe2 14. Qxe2 O-O
15. O-O Nd8 16. Qd3 g6 17. Qd2 Kg7 18. c4 c6 19. cxd5 cxd5 20. Rac1 Ne6 21. Rc6
Rac8 22. Rfc1 Qb7 23. Qc2 Rxc6 24. Qxc6 Qxc6 25. Rxc6 h6 26. Rd6 1/2-1/2

[Event "BL 0910 H.Handschuhsheim - Erfurter SK"]
[Site "?"]
[Date "2009.11.14"]
[Round "3.5"]
[White "Enders, Peter"]
[Black "Chernov, Vadim"]
[Result "1-0"]
[WhiteElo "2467"]
[BlackElo "2433"]
[PlyCount "87"]
[EventDate "2009.??.??"]

1. e4 c5 2. Nf3 e6 3. d4 cxd4 4. Nxd4 Nf6 5. Nc3 Nc6 6. Ndb5 Bb4 7. a3 Bxc3+ 8.
Nxc3 d5 9. exd5 exd5 10. Bd3 O-O 11. O-O d4 12. Ne4 Bf5 13. Bg5 Bxe4 14. Bxe4
h6 15. Bxf6 Qxf6 16. Qd3 Rac8 17. Rae1 Ne5 18. Qb3 b6 19. Re2 Rc5 20. Rfe1 Rfc8
21. Bd5 d3 22. cxd3 Rc1 23. Bc4 Rxe1+ 24. Rxe1 Qf4 25. h3 Qd2 26. Rf1 Rc5 27.
Bd5 Rc1 28. Be4 g6 29. g3 Kg7 30. Rxc1 Qxc1+ 31. Kg2 f5 32. Qe6 Qc5 33. Bd5 Qc7
34. d4 Nf7 35. Qxf7+ Qxf7 36. Bxf7 Kxf7 37. g4 Ke6 38. gxf5+ Kxf5 39. Kf3 b5
40. b4 g5 41. Ke3 h5 42. Kf3 a6 43. Ke3 g4 44. h4 1-0

[Event "BL 0910 H.Handschuhsheim - Erfurter SK"]
[Site "?"]
[Date "2009.11.14"]
[Round "3.6"]
[White "Gerigk, Erasmus"]
[Black "Mueller, Matthias"]
[Result "1/2-1/2"]
[WhiteElo "2335"]
[BlackElo "2410"]
[PlyCount "41"]
[EventDate "2009.??.??"]

1. e4 e5 2. Nf3 Nc6 3. Bb5 a6 4. Ba4 Nf6 5. O-O b5 6. Bb3 Bc5 7. c3 d6 8. a4
Rb8 9. axb5 axb5 10. d3 h6 11. Be3 Bb6 12. Nbd2 O-O 13. Re1 Be6 14. Nf1 Re8 15.
Ng3 Bxe3 16. Rxe3 Ra8 17. Bxe6 Rxe6 18. Rxa8 Qxa8 19. d4 Re8 20. Re1 Qa5 21.
Qe2 1/2-1/2

[Event "BL 0910 H.Handschuhsheim - Erfurter SK"]
[Site "?"]
[Date "2009.11.14"]
[Round "3.7"]
[White "Schoene, Maria"]
[Black "Maier, Christian"]
[Result "0-1"]
[WhiteElo "2274"]
[BlackElo "2350"]
[PlyCount "120"]
[EventDate "2009.??.??"]

1. e4 e6 2. d4 d5 3. Nc3 Bb4 4. e5 c5 5. a3 Bxc3+ 6. bxc3 Qc7 7. Nf3 Bd7 8. Bd3
c4 9. Be2 Ba4 10. h4 Nd7 11. h5 h6 12. Bf4 f5 13. Qd2 Ne7 14. g3 O-O-O 15. Kf1
Nb6 16. Kg2 Rdg8 17. Nh4 Be8 18. a4 Nxa4 19. Qe1 g5 20. hxg6 b5 21. Qd2 h5 22.
Bg5 Nxg6 23. Bf6 Nxh4+ 24. Rxh4 Rh7 25. Ra3 Qf7 26. Qc1 Qf8 27. f4 Kb8 28. Kf2
Ka8 29. Bf3 Qf7 30. Qe1 Qc7 31. Qh1 Qf7 32. Qe1 Qf8 33. Ra1 Kb8 34. Qd2 Bg6 35.
Qe1 a6 36. Qd2 Ka7 37. Rhh1 Qf7 38. Qe3 Rb8 39. Qd2 Qc7 40. Ra3 Be8 41. Rha1
Qf7 42. Qe1 Bc6 43. Qb1 a5 44. Qd1 Qe8 45. Qe1 Rb6 46. Rb1 Kb7 47. Ra2 Qf8 48.
Rba1 Kb8 49. Ra3 Qe8 50. Rb1 Rhb7 51. Qh1 b4 52. cxb4 axb4 53. Raa1 Nc3 54.
Bxh5 Qg8 55. Rg1 b3 56. g4 Ne4+ 57. Ke2 bxc2 58. gxf5 Ng3+ 59. Kd2 Rb1 60. Qh2
c1=Q+ 0-1

[Event "BL 0910 H.Handschuhsheim - Erfurter SK"]
[Site "?"]
[Date "2009.11.14"]
[Round "3.8"]
[White "Vatter, Hans-Joachim"]
[Black "Schuetze, Norman"]
[Result "1/2-1/2"]
[WhiteElo "2321"]
[BlackElo "2278"]
[PlyCount "116"]
[EventDate "2009.??.??"]

1. e4 c5 2. Nf3 d6 3. d4 cxd4 4. Nxd4 Nf6 5. Nc3 a6 6. h3 e6 7. g4 d5 8. exd5
Nxd5 9. Nde2 Nc6 10. Nxd5 exd5 11. Bg2 Be6 12. Be3 Qa5+ 13. c3 Be7 14. O-O O-O
15. f4 Rad8 16. Nd4 Rfe8 17. Qd2 Bf6 18. Qf2 Nxd4 19. Bxd4 Bxd4 20. Qxd4 Bd7
21. Rfe1 Bc6 22. a3 Qb5 23. b4 Qa4 24. f5 Qc2 25. f6 Qg6 26. fxg7 Qxg7 27.
Qxg7+ Kxg7 28. Kf2 Re6 29. Rad1 Rde8 30. Rxe6 fxe6 31. c4 Rd8 32. cxd5 exd5 33.
Ke3 d4+ 34. Kf2 Bxg2 35. Kxg2 Kf6 36. Kf3 Ke5 37. Re1+ Kd5 38. Re7 Kc4 39. Ke2
h6 40. Rc7+ Kb3 41. Rxb7 Re8+ 42. Kd2 Re3 43. b5 axb5 44. Rxb5+ Kc4 45. Rh5
Rxa3 46. Rxh6 Ra2+ 47. Ke1 Kd3 48. g5 Ke3 49. Re6+ Kf4 50. h4 Rh2 51. Rh6 d3
52. Rh8 d2+ 53. Kd1 Ke3 54. Kc2 Rh1 55. Re8+ Kf4 56. Rd8 d1=Q+ 57. Rxd1 Rxh4
58. g6 Rh8 1/2-1/2

[Event "BL 0910 SV Mülheim Nord - Solinger SG"]
[Site "?"]
[Date "2009.11.14"]
[Round "3.3"]
[White "Buhmann, Rainer"]
[Black "Landa, Konstantin"]
[Result "1/2-1/2"]
[WhiteElo "2603"]
[BlackElo "2655"]
[PlyCount "50"]
[EventDate "2009.??.??"]

1. Nf3 d5 2. d4 Nf6 3. c4 e6 4. g3 dxc4 5. Bg2 Bb4+ 6. Bd2 a5 7. O-O O-O 8. Bg5
Nc6 9. e3 e5 10. Nxe5 Nxe5 11. dxe5 Qxd1 12. Rxd1 Nd7 13. a3 Bc5 14. Bf4 Be7
15. e6 Nc5 16. exf7+ Rxf7 17. Bd5 Be6 18. Bxe6 Nxe6 19. Nd2 b5 20. Ne4 Nxf4 21.
gxf4 a4 22. Kg2 Bf8 23. Rd2 Re8 24. Kf3 g6 25. h4 Bg7 1/2-1/2

[Event "BL 0910 SV Mülheim Nord - Solinger SG"]
[Site "?"]
[Date "2009.11.14"]
[Round "3.4"]
[White "Fridman, Daniel"]
[Black "Edouard, Romain"]
[Result "1/2-1/2"]
[WhiteElo "2661"]
[BlackElo "2620"]
[PlyCount "46"]
[EventDate "2009.??.??"]

1. d4 d5 2. c4 dxc4 3. e3 Nf6 4. Bxc4 e6 5. Nf3 a6 6. O-O c5 7. dxc5 Qxd1 8.
Rxd1 Bxc5 9. Be2 O-O 10. Nbd2 Nc6 11. b3 b6 12. Bb2 Nd5 13. Rac1 Bb7 14. a3
Rac8 15. g3 Rfd8 16. b4 Be7 17. Nd4 Nxd4 18. Bxd4 a5 19. bxa5 bxa5 20. Nb3 Rxc1
21. Rxc1 Bxa3 22. Ra1 Bb4 23. Nxa5 Ba8 1/2-1/2

[Event "BL 0910 SV Mülheim Nord - Solinger SG"]
[Site "?"]
[Date "2009.11.14"]
[Round "3.5"]
[White "L'Ami, Erwin"]
[Black "Malakhatko, Vadim"]
[Result "1/2-1/2"]
[WhiteElo "2606"]
[BlackElo "2569"]
[PlyCount "76"]
[EventDate "2009.??.??"]

1. d4 d5 2. c4 dxc4 3. Nf3 a6 4. e3 b5 5. a4 Bb7 6. b3 e6 7. bxc4 bxc4 8. Bxc4
Nf6 9. O-O c5 10. Ba3 Nbd7 11. Nbd2 Be7 12. Nb3 cxd4 13. Bxe7 Qxe7 14. Nfxd4
O-O 15. Na5 Ne5 16. Be2 Bd5 17. f3 Qb4 18. Qe1 Qb6 19. Rb1 Qa7 20. Qb4 Ned7 21.
Qd6 Rfc8 22. Rfc1 g6 23. Qa3 Ne5 24. Qd6 Ned7 25. Qa3 Ne5 26. Qb4 Rab8 27. Qd6
Rxb1 28. Rxb1 Ned7 29. Kf2 Nc5 30. Nac6 Qa8 31. Qxc5 Bxc6 32. Qa5 Bd7 33. Rb6
Nd5 34. Rd6 Be8 35. Qxa6 Bxa4 36. e4 Nf4 37. Qxa8 Rxa8 38. Ra6 Rxa6 1/2-1/2

[Event "BL 0910 SV Mülheim Nord - Solinger SG"]
[Site "?"]
[Date "2009.11.14"]
[Round "3.6"]
[White "Berelovich, Alexander"]
[Black "Ragger, Markus"]
[Result "1/2-1/2"]
[WhiteElo "2551"]
[BlackElo "2561"]
[PlyCount "41"]
[EventDate "2009.??.??"]

1. e4 e5 2. Nf3 Nc6 3. Bb5 a6 4. Ba4 Nf6 5. O-O b5 6. Bb3 Bc5 7. d3 d6 8. a4
Rb8 9. axb5 axb5 10. Nc3 h6 11. Nd5 O-O 12. c3 Nxd5 13. Bxd5 Ne7 14. Bb3 Ng6
15. d4 Bb6 16. Be3 Qf6 17. Qd2 Re8 18. Bd5 Ne7 19. Bb3 Ng6 20. Bd5 Ne7 21. Bb3
1/2-1/2

[Event "BL 0910 SV Mülheim Nord - Solinger SG"]
[Site "?"]
[Date "2009.11.14"]
[Round "3.7"]
[White "Naumann, Alexander"]
[Black "Levin, Felix"]
[Result "1/2-1/2"]
[WhiteElo "2522"]
[BlackElo "2481"]
[PlyCount "42"]
[EventDate "2009.??.??"]

1. c4 e6 2. d4 Nf6 3. g3 Bb4+ 4. Bd2 Be7 5. Bg2 d5 6. Nf3 c6 7. Qc2 O-O 8. O-O
b6 9. Bf4 Nbd7 10. Rd1 Ba6 11. Ne5 Rc8 12. cxd5 cxd5 13. Nc6 Qe8 14. Nxe7+ Qxe7
15. Nc3 Bb7 16. Rac1 Nh5 17. Bd2 Nb8 18. Be1 Nc6 19. Qb1 Nf6 20. b3 Rfd8 21.
Qb2 h6 1/2-1/2

[Event "BL 0910 SV Mülheim Nord - Solinger SG"]
[Site "?"]
[Date "2009.11.14"]
[Round "3.8"]
[White "Hausrath, Daniel"]
[Black "Hoffmann, Michael"]
[Result "1/2-1/2"]
[WhiteElo "2528"]
[BlackElo "2513"]
[PlyCount "47"]
[EventDate "2009.??.??"]

1. Nf3 Nf6 2. g3 b6 3. Bg2 Bb7 4. O-O e6 5. c4 c5 6. Nc3 Be7 7. d4 cxd4 8. Qxd4
d6 9. Rd1 a6 10. Bg5 Nbd7 11. Bxf6 Nxf6 12. Ne1 Qc7 13. Bxb7 Qxb7 14. Ng2 O-O
15. a4 Rfd8 16. Ne3 Rac8 17. a5 bxa5 18. Rxa5 Nd7 19. Rb1 Bf6 20. Qe4 Qc7 21.
Ra3 Bxc3 22. Rxc3 Nc5 23. Qc2 a5 24. Ra3 1/2-1/2

[Event "BL 0910 SF Katernberg - SC Remagen"]
[Site "?"]
[Date "2009.11.14"]
[Round "3.1"]
[White "Fedorchuk, Sergey"]
[Black "Volokitin, Andrei"]
[Result "0-1"]
[WhiteElo "2643"]
[BlackElo "2681"]
[PlyCount "47"]
[EventDate "2009.??.??"]

1. e4 c5 2. Nf3 d6 3. d4 cxd4 4. Nxd4 Nf6 5. Nc3 a6 6. Be3 e6 7. a4 b6 8. g4
Bb7 9. Bg2 Be7 10. g5 Nfd7 11. f4 Nc6 12. Nde2 h6 13. h4 hxg5 14. hxg5 Rxh1+
15. Bxh1 e5 16. Nd5 exf4 17. Nexf4 Bxg5 18. Qh5 Bxf4 19. Bxf4 Nce5 20. Qh8+ Nf8
21. Bxe5 dxe5 22. Qxg7 Qh4+ 23. Ke2 Bxd5 24. exd5 0-1

[Event "BL 0910 SF Katernberg - SC Remagen"]
[Site "?"]
[Date "2009.11.14"]
[Round "3.2"]
[White "Seel, Christian"]
[Black "Parligras, Mircea"]
[Result "1/2-1/2"]
[WhiteElo "2493"]
[BlackElo "2547"]
[PlyCount "41"]
[EventDate "2009.??.??"]

1. Nf3 c5 2. c4 g6 3. e4 Nc6 4. d4 cxd4 5. Nxd4 Nf6 6. Nc3 d6 7. Be2 Nxd4 8.
Qxd4 Bg7 9. Be3 O-O 10. Qd2 a5 11. O-O a4 12. Bd4 Qa5 13. Qe3 Be6 14. Nb5 Rfc8
15. Rfc1 Qb4 16. Bc3 Qc5 17. Bd4 Qb4 18. Bc3 Qc5 19. Bd4 Qb4 20. Bc3 Qc5 21.
Bd4 1/2-1/2

[Event "BL 0910 SF Katernberg - SC Remagen"]
[Site "?"]
[Date "2009.11.14"]
[Round "3.3"]
[White "Dgebuadze, Alexandre"]
[Black "Bischoff, Klaus"]
[Result "1-0"]
[WhiteElo "2521"]
[BlackElo "2561"]
[PlyCount "65"]
[EventDate "2009.??.??"]

1. e4 c5 2. Nf3 d6 3. d4 Nf6 4. Nc3 cxd4 5. Nxd4 a6 6. Be3 e5 7. Nf3 Be7 8. Bc4
h6 9. Qe2 Be6 10. O-O-O Nbd7 11. Bxe6 fxe6 12. g4 Qc7 13. g5 hxg5 14. Nxg5 Nf8
15. f4 Rc8 16. Rhg1 b5 17. Kb1 exf4 18. Bxf4 Nh5 19. Bc1 Bf6 20. Rd3 Be5 21.
Rh3 g6 22. Rf1 Qe7 23. Rf7 Qxf7 24. Nxf7 Kxf7 25. Qf2+ Kg8 26. Qa7 Rh7 27. Qxa6
Rhc7 28. Nxb5 Rc6 29. Qb7 Rc4 30. c3 Nf6 31. a4 Nxe4 32. Bh6 g5 33. Bxf8 1-0

[Event "BL 0910 SF Katernberg - SC Remagen"]
[Site "?"]
[Date "2009.11.14"]
[Round "3.4"]
[White "Glek, Igor V"]
[Black "Mainka, Romuald"]
[Result "1-0"]
[WhiteElo "2537"]
[BlackElo "2501"]
[PlyCount "75"]
[EventDate "2009.??.??"]

1. e4 c5 2. Nf3 e6 3. d3 Nc6 4. g3 d5 5. Qe2 Nf6 6. Bg2 Be7 7. O-O O-O 8. e5
Ne8 9. h4 f6 10. exf6 Bxf6 11. c4 Nc7 12. Bf4 e5 13. Be3 d4 14. Bc1 e4 15. Qxe4
Re8 16. Qf4 Nb4 17. Qd2 Bf5 18. Ne1 Qe7 19. a3 Nc6 20. Qd1 Ne5 21. Bf4 Bg4 22.
f3 Bd7 23. Nd2 Bc6 24. Bxe5 Qxe5 25. f4 Qe3+ 26. Kh2 Bxg2 27. Kxg2 Bxh4 28.
gxh4 Ne6 29. Rf3 Nxf4+ 30. Kh1 Qe5 31. Ng2 Ng6 32. Ne4 Rf8 33. Rxf8+ Rxf8 34.
Qg4 Qe7 35. Ng5 Ne5 36. Qe4 g6 37. Re1 Rf5 38. Qd5+ 1-0